Serie A Torschützen 2024/2025 - Statistiken

Allgemein
  • Dieses Quiz wurde 44 mal gespielt
  • Das Durchschnittsergebnis liegt bei 7 aus 10
Antwortstatistiken
Tore Verein Spieler % Korrekt
12 Inter Mailand Lautaro Martínez
92%
14 Inter Mailand Marcus Thuram
87%
14 SSC Neapel Romelu Lukaku
85%
19 AC Florenz Moise Kean
79%
25 Atalanta Bergamo Mateo Retegui
74%
15 Atalanta Bergamo Ademola Lookman
67%
12 SSC Neapel Scott McTominay
56%
12 AS Rom Artem Dowbyk
49%
15 FC Bologna Riccardo Orsolini
46%
12 Udinese Calcio Lorenzo Lucca
21%
Keine übereinstimmenden Quizze gefunden
Verteilung der Resultate
Anzahl Personen mit jedem Resultat
Perzentil nach korrekt beantworteten Fragen
Ihre Resultats-Entwicklung
Sie haben dieses Quiz noch nicht gespielt